[Event "Thane ARMS op 1st"]
[Site "Thane"]
[Date "2018.04.21"]
[Round "6"]
[White "Deshpande, Abhishek"]
[Black "Tejendra, Garge"]
[Result "1-0"]
[WhiteElo "1866"]
[BlackElo "1362"]
[PlyCount "97"]
[EventDate "2018.04.21"]
[EventType "swiss (rapid)"]
[EventRounds "9"]
[EventCountry "IND"]
[SourceTitle "CBM 184 Extra"]
[Source "ChessBase"]
[SourceDate "2018.06.28"]
[SourceVersion "1"]
[SourceVersionDate "2018.06.28"]
[SourceQuality "1"]

1. e4 Nc6 2. d4 e5 3. d5 Nce7 4. c4 Ng6 5. Bd3 Bb4+ 6. Nc3 Bxc3+ 7. bxc3 d6 8. Ne2 Nf6 9. f3 0-0 10. Be3 b6 11. a4 a5 12. Ng3 h6 13. Nf1 Nh5 14. g3 Bh3 15. Nd2 Ne7 16. g4 Nf4 17. Bxf4 exf4 18. Qe2 Ng6 19. Qf2 Ne5 20. Be2 Qg5 21. Rg1 Qe7 22. Nb3 Rfe8 23. Nd4 g6 24. Kd2 Kf8 25. Bd3 Kg7 26. Ne2 g5 27. Rge1 Rh8 28. Ng1 h5 29. Nxh3 hxg4 30. Ng1 gxf3 31. Nxf3 Nxf3+ 32. Qxf3 Rxh2+ 33. Re2 Rah8 34. Rg1 f6 35. Qxf4 R8h4 36. Qxh2 Rxh2 37. Rxh2 Qe5 38. Rgh1 Qf4+ 39. Kc2 f5 40. exf5 Kf6 41. Rg2 Qf3 42. Rhg1 c6 43. dxc6 Qxc6 44. Kb3 d5 45. Rxg5 dxc4+ 46. Bxc4 Qc5 47. Rg6+ Ke5 48. f6 b5 49. R1g5+ 1-0